Literacy, culture and development (Becoming literate in Morocco)

Enregistré dans:
Détails bibliographiques
Auteur principal: Daniel A Wagner
Format: Livre
Langue:Undetermined
Publié: Cambridge, New York Cambridge Univ. Press 1993
Sujets:
Tags: Ajouter un tag
Pas de tags, Soyez le premier à ajouter un tag!
Thư viện lưu trữ: Trung tâm Học liệu Trường Đại học Cần Thơ
LEADER 00595nam a2200193Ia 4500
001 CTU_27192
008 210402s9999 xx 000 0 und d
020 |b 23.72Dfl 
082 |a 302.2244 
082 |b W132 
100 |a Daniel A Wagner 
245 0 |a Literacy, culture and development (Becoming literate in Morocco) 
245 0 |c Daniel A Wagner 
260 |a Cambridge, New York 
260 |b Cambridge Univ. Press 
260 |c 1993 
650 |a literacy - morocco,literacy - social aspects - morocco 
904 |i Minh, 981203 
980 |a Trung tâm Học liệu Trường Đại học Cần Thơ